| 000 | 00835nam a22001937a 4500 | ||
|---|---|---|---|
| 001 | 9438 | ||
| 003 | FISKH | ||
| 005 | 20260112103047.0 | ||
| 008 | 260108b cb ||||| |||| 00| 0 eng d | ||
| 040 |
_aFISKH _bbilingual _cFISKH _dFISKH |
||
| 082 | _a915.96 | ||
| 100 | _aAnonymous | ||
| 245 |
_aមគ្គុទ្ទេសក៏ទេសចរណ៏ ខេត្តកំពង់ធំ : _cBy Anonymous _bKampong Thom torist guide / |
||
| 260 | _aPhnom Penh : | ||
| 300 |
_a84 pages : _bcolor illustrations ; _c21 cm . |
||
| 520 | _aThis book is a tourism guide that introduces Kampong Thom Province, one of Cambodia’s culturally and historically rich regions. It provides readers with essential information about the province’s geography, history, culture, and tourist attractions. | ||
| 942 |
_2ddc _cBK _n0 |
||
| 999 |
_c9438 _d9438 |
||